| 000 | 00558nam a2200193Ia 4500 | ||
|---|---|---|---|
| 003 | IN-BaIIA | ||
| 008 | 211028s9999 xx 000 0 eng d | ||
| 020 | _a0-08-019005-7 | ||
| 040 | _cIIA Library | ||
| 080 |
_a621-50 _bANA |
||
| 100 |
_aAnand, D. K _919164 |
||
| 245 | 0 |
_aIntroduction to control systems _cD. K Anand |
|
| 260 |
_aOxford _bPergamon Press _c1974 |
||
| 300 | _axii, 384p. | ||
| 650 |
_aAutomatic control _93307 |
||
| 650 |
_aControl theory _95165 |
||
| 650 | _aNASA thesaurus | ||
| 942 | _cBK | ||
| 999 |
_c11187 _d11187 |
||